000 00783nam a2200181Ia 4500
008 090124s9999 xx 000 0 und d
082 _b12920
100 _aसरदार गंगाधर बाळकृष्ण
245 _a अर्वाचीन मराटी गद्याची पूर्वपीठिका
250 _a1
260 _c1937
300 _a349+11
600 _aसरदार गंगाधर बाळकृष्ण
630 _a अर्वाचीन मराटी गद्याची पूर्वपीठिका
700 _aसरदार गंगाधर बाळकृष्ण
730 _a अर्वाचीन मराटी गद्याची पूर्वपीठिका
942 _cBOOK
999 _c90670
_d90670